1101 1255 1694 1520 1404 1861 1891 1751 1527 1039 1339 1563 1628 1428 1257 1674 1738 1841 1297 1654 1685 1370 1215 1315 1296 1482 1708 1365 1170 1496 1262 1786 1098 1432 1988 1096 1600 1248 1588 1558 1920 1520 1085 1963 1679 1683 1629 1943 1095 1122 1460 1756 1686 1877 1568 1158 1475 1114 1564 1817 1535 1184 1968 1891 1501 1145 1233 1020 1906 1193 1332 1961 1029 1367 1151 1836 1683 1850 1146 1714 1755 1608 1761 1908 1526 1139 1451 1665 1174 1073 1216 1011 1929 1550 1603 1722 1123 1345 1958 BCNSPRNW ULIB Ver.6.0+V

เปลี่ยนเป็นภาษาไทย

Change to English
 แสดงรายละเอียดบรรณานุกรม
  กลับหน้าหลัก

Brief Record : Get Marc (ISO 2709) : E-mail record : QR code < ปิดหน้าต่าง
LEADER : 00000nam 2200000uu 4500
001    13399120208
003     ULIB
008    100318s2552 th a 000 0 tha d
020    ^a9789744659392
060 04 ^aWY20.5^bก514 2552
245 00 ^aการวิจัยทางการพยาบาล :^bแนวคิด หลักการ และวิธีปฏิบัติ /^cโดยคณาจารย์วิทยาลัยพยาบาลในสังกัดสถาบันพระบรมราชชนก ;ประกาย จิโรจน์กุล, บรรณาธิการ
250    ^aพิมพ์ครั้งที่ 2
260    ^aนนทบุรี :^bโครงการสวัสดิการวิชาการ สถาบันพระบรมราชชนก,^c2552
300    ^a379, [34] หน้า :^bภาพประกอบ ;^c26 ซม.
650  4 ^aการพยาบาล^vวิจัย
650  4 ^aวิจัย
700 0  ^aประกาย จิโรจน์กุล,^eบรรณาธิการ
710 2  ^aสถาบันพระบรมราชชนก. ^bโครงการสวัสดิการวิชาการ
945    ^p300^l0^i19523
995    ^aกัณชพร
999    ^aทศพร เกษรทอง
รายการนี้ยังไม่มีแท็ก
คุณยังไม่ได้ล็อกอิน คุณสามารถมีกิจกรรมร่วมกับเว็บไซต์ได้ แต่ต้องล็อกอินก่อน ::
  ล็อกอิน

รายการสื่อสารสนเทศ

ลำดับที่ ประเภท เลขเรียก/บาร์โค้ด สถานที่ สถานะ
1. วิทยาศาสตร์การแพทย์ และสุขภาพ
วิทยาศาสตร์การแพทย์ และสุขภาพ
WY20.5 ก514 2552  
  Barcode: 19523
ห้องสมุดวิทยาเขตนครสวรรค์
►ส่วนจัดเก็บหนังสือเก่า นว.
บนชั้น
  ขอยืม

รายการใกล้เคียง
    หัวเรื่อง [วิจัย]

BibComment


ยังไม่เคยถูกคอมเมนท์

คอมเมนท์ทรัพยากรรายการนี้
  คอมเมนท์: การวิจัยทางการพย..


 Copyright 2026. Bcnsprnw @Library